=LDR 00000nam 2200000 4500 =001 INLIS000000000036860 =005 20130612142624 =008 ***********************************Ind** =035 ##$$0010-061300000036860 =041 ##$$a Ind =082 ##$$a 646.4 =090 ##$$a 646.4, Ind c =100 ##$$a Indriya K Dani =245 ##$$a Cantik bergaya dengan kebaya pesta, Indriya K Dani ; editor, Nana Lystiani =260 ##$$a 2011 $b Jakarta =300 ##$$a 48 hlm, ilus, 28 cm =650 ##$$a Pakaian wanita =850 ##$$a NBPNMAT